00526nam a2200193 a 4500001001300000003000900013005001700022008004100039020001000080082001400090100002600104245006000130260003300190300000900223500003500232505002200267650001700289700002600306nice12345678IN_TiNIC20260116012730.0050524s1940 hyda grp 000 0 urd  ac10000a297bHAM3 aHameedullah, Mohammad aDuniya Ka Sab Se Pahla Tahriri Dastur and Other Tracts. aHyderabadbBarqi Pressc1940 a30p. aincludes index and biblioraphy2 a11 tracts in urdu aIslam-Tracts1 aHameedullah, Mohammad